000 00305 a2200157 4500
001 162015
020 _a
040 _cMagnum
100 _aS/ Autor
240 1 0 _aDocumento de estudo
_lpor
245 1 0 _aDocumento de estudo
362 0 _a1899
440 1 _aLoyola
697 _aENSINO
942 _cBK
999 _c162015
_d162015